| 000 | 01215nam a2200217Ia 4500 | ||
|---|---|---|---|
| 003 | Ost | ||
| 005 | 20260507075239.0 | ||
| 008 | 260507s9999||||xx |||||||||||||| ||und|| | ||
| 040 | _cfsecg | ||
| 041 | _aara | ||
| 100 |
_aالسيد، معين امين _eمؤلف |
||
| 245 | 0 |
_aمدخل إلى الإقتصاد : _bفي ظل المتغيرات الإقتصادية العالمية الحالية / _c معين امين السيد |
|
| 260 |
_aعمان: _bد.ن, _c2010 |
||
| 300 |
_a368 صفحة؛ _c24 سم |
||
| 504 | _aمراجع ص.359 | ||
| 520 | _aتعريف علم الاقتصاد و فروعه ، علاقم علم الاقتصاد بالعلوم الاخرى ، الاقتصاد المعرفي ، البطالة ، الاستثمار، التضخم ، السوق ، التبادل التجاري و السياسات التجارية ، ميزان المدفوعات ، صندوق النقد الدولي ، البنك الدولي للإنشاء و التعمير ، التكتلات الاقتصادية ،منظمة التجارة العالمية . | ||
| 653 | _aالاقتصاد | ||
| 653 | _aالمتغيرات الاقتصادية | ||
| 653 | _aعلم الاقتصاد | ||
| 942 | _cكتاب | ||
| 999 |
_c43613 _d43613 |
||